Racial disparities in capital sentencing: prejudice and discrimination in the jury room
| Autor principal: | |
|---|---|
| Tipo de documento: | Print Libro |
| Lenguaje: | Inglés |
| Publicado: |
El Paso
LFB Scholarly Publ.
2012
|
| En: | Año: 2012 |
| Acceso en línea: |
Índice Índice |
| Disponibilidad en Tübingen: | Disponible en Tübingen. UB: KB 20 A 5947 |
| Verificar disponibilidad: | HBZ Gateway |
| Servicio de pedido Subito: | Pedir ahora. |
| Palabras clave: |
MARC
| LEADER | 00000cam a2200000 c 4500 | ||
|---|---|---|---|
| 001 | 1615814884 | ||
| 003 | DE-627 | ||
| 005 | 20251225200104.0 | ||
| 007 | tu | ||
| 008 | 120309s2012 xxu||||| 00| ||eng c | ||
| 020 | |a 9781593324858 |9 978-1-59332-485-8 | ||
| 020 | |a 1593324855 |c hbk. : alk. paper |9 1-59332-485-5 | ||
| 035 | |a (DE-627)1615814884 | ||
| 035 | |a (DE-576)360663389 | ||
| 035 | |a (DE-599)BSZ360663389 | ||
| 035 | |a (OCoLC)747533687 | ||
| 035 | |a (OCoLC)985701701 | ||
| 040 | |a DE-627 |b ger |c DE-627 |e rakwb | ||
| 041 | |a eng | ||
| 044 | |c XD-US | ||
| 050 | 0 | |a KF9227.C2 | |
| 082 | 0 | |a 345.73/0773 |q LOC |2 23 | |
| 084 | |a 2,1 |2 ssgn | ||
| 084 | |a 2 |2 ssgn | ||
| 084 | |a 86.36 |2 bkl | ||
| 100 | 1 | |a Flexon, Jamie L. |d 1972- |0 (DE-588)1022362771 |0 (DE-627)716960389 |0 (DE-576)26254685X |4 aut | |
| 109 | |a Flexon, Jamie L. 1972- | ||
| 245 | 1 | 0 | |a Racial disparities in capital sentencing |b prejudice and discrimination in the jury room |c Jamie L. Flexon |
| 264 | 1 | |a El Paso |b LFB Scholarly Publ. |c 2012 | |
| 300 | |a XV, 159 S. |b zahlr. graph. Darst. | ||
| 336 | |a Text |b txt |2 rdacontent | ||
| 337 | |a ohne Hilfsmittel zu benutzen |b n |2 rdamedia | ||
| 338 | |a Band |b nc |2 rdacarrier | ||
| 490 | 0 | |a Criminal justice |a recent scholarship | |
| 500 | |a Includes bibliographical references (p. 141-153) and index | ||
| 583 | 1 | |a Archivierung/Langzeitarchivierung gewährleistet |f SSG |x XA-DE-BW |2 pdager |5 DE-21 | |
| 650 | 0 | |a Discrimination in capital punishment |z United States | |
| 650 | 0 | |a Jury |z United States |x Decision making | |
| 689 | 0 | 0 | |d g |0 (DE-588)4078704-7 |0 (DE-627)106076612 |0 (DE-576)209209682 |a USA |2 gnd |
| 689 | 0 | 1 | |d s |0 (DE-588)4157048-0 |0 (DE-627)105503835 |0 (DE-576)20983143X |a Geschworener |2 gnd |
| 689 | 0 | 2 | |d s |0 (DE-588)4185599-1 |0 (DE-627)105285994 |0 (DE-576)210033479 |a Todesurteil |2 gnd |
| 689 | 0 | 3 | |d s |0 (DE-588)4048442-7 |0 (DE-627)104571756 |0 (DE-576)209077883 |a Rassendiskriminierung |2 gnd |
| 689 | 0 | |5 (DE-627) | |
| 689 | 1 | 0 | |d g |0 (DE-588)4078704-7 |0 (DE-627)106076612 |0 (DE-576)209209682 |a USA |2 gnd |
| 689 | 1 | 1 | |d s |0 (DE-588)4060306-4 |0 (DE-627)10614006X |0 (DE-576)209134682 |a Todesstrafe |2 gnd |
| 689 | 1 | 2 | |d s |0 (DE-588)4062174-1 |0 (DE-627)106133284 |0 (DE-576)209142758 |a Urteil |2 gnd |
| 689 | 1 | 3 | |d s |0 (DE-588)4012472-1 |0 (DE-627)106348310 |0 (DE-576)20889862X |a Diskriminierung |2 gnd |
| 689 | 1 | |5 (DE-627) | |
| 856 | 4 | 2 | |u https://swbplus.bsz-bw.de/bsz360663389inh.htm |m B:DE-576;DE-Frei85 |q application/pdf |v 20121011150519 |x Verlag |3 Inhaltsverzeichnis |7 1 |
| 856 | 4 | 2 | |u http://www.gbv.de/dms/spk/sbb/toc/668235578.pdf |m V:DE-601 |m B:DE-1 |q pdf/application |v 2012-08-13 |x Verlag |y Inhaltsverzeichnis |3 Inhaltsverzeichnis |7 1 |
| 889 | |w (DE-627)668235578 | ||
| 935 | |i mdedup | ||
| 936 | b | k | |a 86.36 |j Strafprozessrecht |0 (DE-627)106413570 |
| 951 | |a BO | ||
| ELC | |b 1 | ||
| LOK | |0 000 xxxxxcx a22 zn 4500 | ||
| LOK | |0 001 3195092492 | ||
| LOK | |0 003 DE-627 | ||
| LOK | |0 004 1615814884 | ||
| LOK | |0 005 20130304165506 | ||
| LOK | |0 008 120309||||||||||||||||ger||||||| | ||
| LOK | |0 040 |a DE-21 |c DE-627 |d DE-21 | ||
| LOK | |0 852 |a DE-21 | ||
| LOK | |0 852 1 |c KB 20 A 5947 |9 00 | ||
| LOK | |0 935 |a krim | ||
| LOK | |0 936ln |a k5.6.6 | ||
| LOK | |0 938 |a 1303 |f 34 | ||
| LOK | |0 939 |a 09-03-12 |b l01 | ||
| LOK | |0 000 xxxxxcx a22 zn 4500 | ||
| LOK | |0 001 3195092549 | ||
| LOK | |0 003 DE-627 | ||
| LOK | |0 004 1615814884 | ||
| LOK | |0 005 20120815142515 | ||
| LOK | |0 008 120614||||||||||||||||ger||||||| | ||
| LOK | |0 040 |a DE-Frei85 |c DE-627 |d DE-Frei85 | ||
| LOK | |0 852 |a DE-Frei85 | ||
| LOK | |0 852 1 |m p |9 00 | ||
| LOK | |0 938 |k p | ||
| LOK | |0 939 |a 14-06-12 |b l01 | ||
| ORI | |a SA-MARC-krimdoka001.raw | ||
| SIG | |a UB: KB 20 A 5947 | ||
